000 00262nam a2200121Ia 4500
008 190216s9999||||xx |||||||||||||| ||und||
100 _aJames Hemming
245 4 _aThe Lion Cub
260 _bLongmans
_c1957
300 _a47p
650 _aSpeeches
942 _cBK
999 _c11808
_d11808